| 000 | 01495nam a2200289Ia 4500 | ||
|---|---|---|---|
| 001 | K0613 | ||
| 003 | IT-RoPAU | ||
| 008 | 130308s9999 xx 000 0 und d | ||
| 040 | _aIT-RoPAU | ||
| 040 | _cIT-RoPAU | ||
| 041 | _aITALIANO | ||
| 100 | _aLancellotti Arturo | ||
| 100 | _gCodice Aut. SPICS: 60250 | ||
| 245 | _aPrima quadriennale d'arte nazionale (La) | ||
| 245 | _bPrima Quadriennale d'arte Nazionale (La) | ||
| 250 | _a1a ed. | ||
| 260 | _a ROMA | ||
| 260 | _bPinci Enzo | ||
| 260 | _c1931 [1° Ed.:1931 - Ed.Ling.Originale:1931] | ||
| 300 | _a"260 p. (prefazione: no ; testo: 260 [pagine: 0-0])" | ||
| 500 | _a"Ottocento e Novecento. veduta D'Assieme. mostre Retrospettive: Antonio Mancini; Armando Spadini; Medardo Rosso; Adolfo Wildt. mostre Personali: Casorati e Carena; Ferrazzi, tosi e Soffici; Carrà e Sironi, Socrate e Bartoli; Sartorio, Pazzini, Guidi, Funi, Barrera, Guerrini, Drei, Prampolini e Futuristi Italiani; Martini e Romanelli. mostre Collettive: pittori di Ieri; pittori di Oggi e di Domani; Incisori; Scultori. 249 Illustrazioni e 20 Tavoile di Cui una sola a Colori, Fregi di Gino Maggioni. " | ||
| 650 | _aSTORIA DELLE ARTI VISIVE | ||
| 650 | _eCodice materia Spics: 5008 | ||
| 942 | _cBK | ||
| 957 | _71 | ||
| 999 |
_c76995 _d76995 |
||
| 999 | _g1 | ||